Fashion studies : Learning Resources : xi (Record no. 4035)
[ view plain ]
| 000 -LEADER | |
|---|---|
| fixed length control field | 00244nam a22000857a 4500 |
| 008 - FIXED-LENGTH DATA ELEMENTS--GENERAL INFORMATION | |
| fixed length control field | 161122b xxu||||| |||| 00| 0 eng d |
| 100 ## - MAIN ENTRY--PERSONAL NAME | |
| 9 (RLIN) | 1323 |
| Personal name | CBSE |
| 245 ## - TITLE STATEMENT | |
| Title | Fashion studies : Learning Resources : xi |
| 260 ## - PUBLICATION, DISTRIBUTION, ETC. (IMPRINT) | |
| Place of publication, distribution, etc. | New delhi |
| Name of publisher, distributor, etc. | National book trust |
| Date of publication, distribution, etc. | 2004 |
| Withdrawn status | Lost status | Source of classification or shelving scheme | Damaged status | Koha normalized classification for sorting | Not for loan | Home library | Current library | Shelving location | Date acquired | Total Checkouts | Full call number | Barcode | Date last seen | Price effective from | Koha item type |
|---|---|---|---|---|---|---|---|---|---|---|---|---|---|---|---|
| Dewey Decimal Classification | 150_000000000000000 | Good Samaritan School Library | Good Samaritan School Library | 11/22/2016 | 150 | CBS4916 | 11/22/2016 | 11/22/2016 | BOOK | ||||||
| Dewey Decimal Classification | 150_000000000000000 | Good Samaritan School Library | Good Samaritan School Library | 11/22/2016 | 150 | CBS4917 | 11/22/2016 | 11/22/2016 | BOOK |